| 000 | 01288nam a22003617a 4500 | ||
|---|---|---|---|
| 003 | CHAP | ||
| 005 | 20220329142306.0 | ||
| 008 | 000518d1996 us r 00110 eng d | ||
| 010 | _a81167 | ||
| 011 | _a82139 | ||
| 020 | _a0471124362 | ||
| 035 | _a92625 | ||
| 040 | _cCHAP | ||
| 082 | 0 | 4 |
_a628.53 _bS2 |
| 100 | 0 | 0 |
_aSchnoor, Jerarld L. _9103111 |
| 245 | 1 | 0 |
_aEnvironmental modeling : _bfate and transport of pollutants in water air, and soil _c/by Jerald L. Schnoor |
| 260 |
_aNew York : _bWiley, _c1996. |
||
| 300 |
_a682 p. : _bgráfs. |
||
| 590 |
_aBATCH-UPD _b10 _c20130110 _lUCH01 _h0404 |
||
| 590 |
_aBATCH-UPD _b10 _c20130110 _lUCH01 _h2022 |
||
| 590 |
_aBATCH-UPD _b10 _c20130410 _lUCH01 _h0037 |
||
| 590 |
_aBATCH-UPD _b10 _c20130913 _lUCH01 _h2329 |
||
| 590 |
_aCONVERSION _b10 _c20130109 _lUCH01 _h1345 |
||
| 650 | 1 | 4 |
_aAgua _xContaminación. _92351 |
| 650 | 1 | 4 |
_aAire _xContaminación. _93138 |
| 650 | 1 | 4 |
_aMedio ambiente _xContaminación _xModelos matemáticos. _974077 |
| 650 | 1 | 4 |
_aSuelos _xContaminación. _9110327 |
| 901 | _aBK | ||
| 905 | _aAlejandra Carrasco M. | ||
| 942 | _cLIBRO | ||
| 949 |
_a628.53 S2 _bBC _cLIBRO _d33724000743035 _eLIBRO _gI.203340 _h97583 _i92625 _si _t$1085. |
||
| 949 |
_a628.53 S2 _bBC _cLIBRO _d33724000848966 _eLIBRO _fc.2 _gI.c/e _h101969 _i92625 _si _t$435.00 |
||
| 999 |
_c81167 _d81167 |
||